| 000 | 00956pam a2200289 i 4500 | ||
|---|---|---|---|
| 999 |
_c9199 _d9199 |
||
| 001 | 9199 | ||
| 003 | BD-JhCC | ||
| 005 | 20180310195435.0 | ||
| 008 | 800522r1980 ctu b 001 0 eng | ||
| 020 | _a0313224307 (lib. bdg.) | ||
| 035 | _a(BD-JhCC)9199 | ||
| 040 |
_aDLC _cDLC _dDLC _dBD-JhCC |
||
| 041 | _aeng | ||
| 050 | 1 | 0 |
_aPQ2613.E53 _bZ77 1980 |
| 082 | 0 | 0 |
_a842/.912 _bMCM 1980 |
| 100 | 1 | _aMcMahon, Joseph H. | |
| 245 | 1 | 4 |
_aThe imagination of Jean Genet / _cby Joseph H. McMahon. |
| 260 |
_aWestport, Conn. : _bGreenwood Press, _c1980, c1963. |
||
| 300 |
_aviii, 273 p. ; _c23 cm. |
||
| 500 | _aReprint of the ed. published by Yale University Press, New Haven, issued as 2d ser., 10 of Yale Romanic studies. | ||
| 500 | _aIncludes index. | ||
| 504 | _aBibliography: p. 265-267. | ||
| 600 | 1 | 0 |
_aGenet, Jean, _d1910-1986 _xCriticism and interpretation. |
| 830 | 0 |
_aYale Romanic studies ; _v2d ser., 10. |
|
| 942 |
_2ddc _cBK |
||